00661nam a2200229 4500003001100000005001700011008004100028020001500069040001800084050001700102100002500119245002400144264007100168300003300239336002200272337002400294338002400318650002000342650003800362942001400400999001700414085139289X20260601193528.0260504b2006 |||||||| |||| 00| 0 eng d a0898600472 cICIaspabICI aNA2510b.L39 1aLawson, Bryan936036 1aHow Designers Think bThe Architectural Press, Londonc2006aEstados Unidos de América a216 páginasbilustraciones atexto2rdacontent asin medio2rdamedia avolumen2rdacarrier 4aDiseño936037 4aComunicación en diseño936038 2lcccBn1 c21252d21252